000 00514nam a2200181Ia 4500
005 20250508154912.0
008 008 250505s9999 xx 000 0 eng d
037 _aTextual
040 _aFEDL
_beng
_cFEDL
041 _aeng
_2eng
084 _a364.363, SHO
_qFEDL
100 _aShort James F. Ed.
245 0 _aGang delinquency and delinquent subcultures
260 _aNew York, USA
_bHarper and Row
_c1969
300 _aviii,327p
942 _cTEXL
_h364.363, SHO
999 _c1352714
_d1352714